Adoption of intercropping in rubber smallholdings in Kerala, India : A tobit analysis (Record no. 48362)

MARC details
000 -LEADER
fixed length control field 00472nam a2200169Ia 4500
100 ## - MAIN ENTRY--AUTHOR NAME
Personal name Rajasekharan P.
245 #0 - TITLE STATEMENT
Title Adoption of intercropping in rubber smallholdings in Kerala, India : A tobit analysis
260 ## - PUBLICATION, DISTRIBUTION, ETC. (IMPRINT)
Name of publisher Agroforestry Systems
Year of publication 2002
300 ## - PHYSICAL DESCRIPTION
Number of Pages 11-Jan
650 ## - SUBJECT ADDED ENTRY--TOPICAL TERM
Topical Term Family labour
650 ## - SUBJECT ADDED ENTRY--TOPICAL TERM
Topical Term Intercropping
650 ## - SUBJECT ADDED ENTRY--TOPICAL TERM
Topical Term Kerala
650 ## - SUBJECT ADDED ENTRY--TOPICAL TERM
Topical Term Smallholdings
700 ## - ADDED ENTRY--PERSONAL NAME
Personal name Veeraputhran S.
942 ## - ADDED ENTRY ELEMENTS (KOHA)
Koha item type Bibliography STAF
Holdings
Withdrawn status Lost status Damaged status Not for loan Home library Current library Shelving location Date acquired Serial Enumeration / chronology Koha item type
      Bibliography RRII Library RRII Library Agricultural economics 09/04/2014 Volume 56, Issue 1 Bibliography STAF